| 000 | 00729nam0a22002411 4500 | ||
|---|---|---|---|
| 001 | RU\NLR\INFOCOMM_161\5000040971 | ||
| 005 | 20260406103055.0 | ||
| 035 | _a(NLR Aleph) 009124594 | ||
| 090 |
_a8239612 _c8239612 |
||
| 100 | _a20090415d1864 |||y0rusy50 ca | ||
| 101 | 0 | _afre | |
| 102 | _aRU | ||
| 105 | _ay ||||000|y | ||
| 200 | 1 |
_aCatalogue des manuscrits grecs de la bibliothèque impériale publique _e(Avec 9 pl. lith.) |
|
| 210 |
_aS. Pétersbourg _d1864 |
||
| 215 | _aIV, 100 с.; 9 л. табл. | ||
| 710 | 0 | 2 |
_8fre _aBibliothèque publique _cPétersbourg _7ba _3RU\NLR\AUTH\88604 _9272042 |
| 801 | 1 |
_aRU _bNLR _c20090415 |
|
| 801 | 0 |
_aRU _bNLR _gPSBO |
|
| 852 |
_aNLR _jДв149 |
||
| 942 | _cBOOK | ||
| 980 | _aNB | ||